[Event "Eger Agria op"]
[Site "Eger"]
[Date "2009.07.23"]
[Round "2"]
[White "Csvila, Gabor"]
[Black "Becskei, Zoltan"]
[Result "0-1"]
[WhiteElo "2190"]
[BlackElo "1999"]
[PlyCount "78"]
[EventDate "2009.07.22"]
[EventType "swiss"]
[EventRounds "7"]
[EventCountry "HUN"]
[SourceTitle "EXT 2011"]
[Source "ChessBase"]
[SourceDate "2010.11.26"]
[SourceVersion "1"]
[SourceVersionDate "2010.11.26"]
[SourceQuality "1"]

1. d4 Nf6 2. c4 c5 3. d5 b5 4. cxb5 a6 5. e3 axb5 6. Bxb5 Qa5+ 7. Nc3 Bb7 8. e4 Nxe4 9. Nge2 g6 10. 0-0 Nxc3 11. Nxc3 Bg7 12. Qe2 0-0 13. Qxe7 Na6 14. Bxd7 Nb4 15. d6 Ba6 16. Rd1 Ra7 17. Ba4 Rxe7 18. dxe7 Nd3 19. exf8Q+ Kxf8 20. Bc2 c4 21. Rb1 f5 22. a4 Nb4 23. Rd2 f4 24. Be4 Nd3 25. Rd1 g5 26. Bxh7 Qc5 27. Bxd3 cxd3 28. Nb5 Bb7 29. Bd2 Qd5 30. f3 g4 31. Rf1 Qc5+ 32. Kh1 gxf3 33. gxf3 Qh5 34. Bxf4 Bxf3+ 35. Kg1 Qg4+ 36. Bg3 Kg8 37. Rf2 Bc6 38. Kf1 Qe4 39. Rd2 Qh1+ 0-1

[Event "Zalakaros op 28th"]
[Site "Zalakaros"]
[Date "2009.05.12"]
[Round "5"]
[White "Csvila, Gabor"]
[Black "Feher, Adam"]
[Result "0-1"]
[WhiteElo "2159"]
[BlackElo "2251"]
[PlyCount "96"]
[EventDate "2009.05.08"]
[EventType "swiss"]
[EventRounds "9"]
[EventCountry "HUN"]
[SourceTitle "CBM 130 Extra"]
[Source "ChessBase"]
[SourceDate "2009.07.02"]
[SourceVersion "2"]
[SourceVersionDate "2009.07.15"]
[SourceQuality "1"]

1. d3 e5 2. Nf3 Nc6 3. c4 Nf6 4. a3 a5 5. Nc3 Be7 6. g3 d5 7. cxd5 Nxd5 8. Bg2 Nb6 9. 0-0 0-0 10. Be3 Be6 11. Na4 Nxa4 12. Qxa4 Qd7 13. Rfe1 Rfd8 14. Rac1 Bd5 15. Nd2 Bxg2 16. Kxg2 Qd5+ 17. Qe4 Qe6 18. Qc4 Rd5 19. Ne4 Qd7 20. Nc3 Rd6 21. b4 Nd4 22. b5 c6 23. a4 Nf5 24. bxc6 Nxe3+ 25. fxe3 Rxc6 26. Qd5 Qc8 27. Na2 Bf6 28. Rxc6 bxc6 29. Qc4 Rb8 30. Rc1 h5 31. Qxc6 Qg4 32. Nc3 Rc8 33. Qe4 Qe6 34. Na2 Rxc1 35. Nxc1 Qc8 36. Qc4 Qb7+ 37. e4 Qb2 38. Kf2 Qb6+ 39. Kg2 Qb2 40. Qc8+ Kh7 41. h4 g6 42. Kf3 Kg7 43. Qc4 Bd8 44. Nb3 Qb1 45. Qb5 Kh7 46. Nc5 Qf1+ 47. Ke3 Bxh4 48. Nd7 Bg5# 0-1